Political behavior
| Format: | Electronic Journal |
|---|---|
| Language: | English |
| Published: |
New York, NY
Springer Science + Business Media B.V.
1979-
New York, NY Agathon Press, Inc. 1979-1988 New York London Plenum Press 1989-1998 New York, NY Kluwer Academic 1999-2004 |
| In: | Year: 1979 |
| Online Access: |
Volltext (Digitalisierung; jeweils die letzten 4 Jahre nicht verfügbar) Volltext (Frontdoor-Url) Volltext (Publisher) |
| Check availability: | HBZ Gateway |
| Subito Delivery Service: | Order now. |
| Volumes / Articles: | Show volumes/articles. |
| Keywords: |
MARC
| LEADER | 00000cas a2200000 c 4500 | ||
|---|---|---|---|
| 001 | 320588769 | ||
| 003 | DE-627 | ||
| 005 | 20250212212642.0 | ||
| 007 | cr ||||||||||| | ||
| 008 | 001013c19799999xxuz| p|o 0 |0eng c | ||
| 015 | |a 17,O11 |2 dnb | ||
| 016 | 7 | |a 020575599 |2 DE-101 | |
| 016 | 7 | |a 2018635-6 |2 DE-600 | |
| 022 | |a 1573-6687 | ||
| 035 | |a (DE-627)320588769 | ||
| 035 | |a (DE-576)103115498 | ||
| 035 | |a (DE-599)ZDB2018635-6 | ||
| 035 | |a (OCoLC)1368064998 | ||
| 035 | |a (DE-He213)11109 | ||
| 040 | |a DE-627 |b ger |c DE-627 |e rakwb | ||
| 041 | |a eng | ||
| 044 | |c XD-US | ||
| 082 | 0 | 4 | |a 320 |q DE-600 |
| 084 | |a MA 1000 |q SEPA |2 rvk |0 (DE-625)rvk/122259: | ||
| 084 | |a 89.00 |2 bkl | ||
| 210 | 1 | 0 | |a Pol Behav |
| 210 | 1 | 0 | |a Polit Behav |
| 245 | 0 | 0 | |a Political behavior |
| 264 | 3 | 1 | |a New York, NY |b Springer Science + Business Media B.V. |c 1979- |
| 264 | 1 | |a New York, NY |b Agathon Press, Inc. |c 1979-1988 | |
| 264 | 2 | 1 | |a New York |a London |b Plenum Press |c 1989-1998 |
| 264 | 2 | 1 | |a New York, NY |b Kluwer Academic |c 1999-2004 |
| 300 | |a Online-Ressource | ||
| 336 | |a Text |b txt |2 rdacontent | ||
| 337 | |a Computermedien |b c |2 rdamedia | ||
| 338 | |a Online-Ressource |b cr |2 rdacarrier | ||
| 362 | 0 | |a 1.1979 - | |
| 363 | 0 | 1 | |a 1 |i 1979 |
| 500 | |a Gesehen am 06.10.05 | ||
| 583 | 1 | |a Archivierung/Langzeitarchivierung gewährleistet |2 pdager |5 DE-101 | |
| 591 | |a C!URL-Änderung(2-11-12) | ||
| 655 | 7 | |a Zeitschrift |0 (DE-588)4067488-5 |0 (DE-627)10454466X |0 (DE-576)20917000X |2 gnd-content | |
| 776 | 1 | |x 0190-9320 | |
| 856 | 4 | 0 | |u https://ezb.ur.de/?2018635-6 |x Frontdoor-Url |7 1 |
| 856 | 4 | 0 | |u https://link.springer.com/journal/11109 |x Verlag |7 1 |
| 856 | 4 | 0 | |u https://www.jstor.org/journal/polibeha |x Digitalisierung; jeweils die letzten 4 Jahre nicht verfügbar |7 1 |
| 912 | |a ZDB-1-SOJ | ||
| 912 | |a ZDB-1-JA2 | ||
| 912 | |a ZDB-1-JMC | ||
| 912 | |a ZDB-1-JP1 | ||
| 912 | |a ZDB-2-COE | ||
| 912 | |a ZDB-1-JAJP | ||
| 936 | r | v | |a MA 1000 |b Zeitschriften |k Politologie |k Zeitschriften |0 (DE-627)1271576767 |0 (DE-625)rvk/122259: |0 (DE-576)201576767 |
| 936 | b | k | |a 89.00 |j Politologie: Allgemeines |0 (DE-627)106423576 |
| 951 | |a JT | ||
| ELC | |a 1 | ||
| LOK | |0 000 xxxxxcy a22 3n 4500 | ||
| LOK | |0 001 2805998685 | ||
| LOK | |0 003 DE-627 | ||
| LOK | |0 004 320588769 | ||
| LOK | |0 005 20240619103441 | ||
| LOK | |0 007 ccruuuuuuuuuuuu | ||
| LOK | |0 008 140705||||||||||||||||ger||||||| | ||
| LOK | |0 035 |a (DE-600)294072365 | ||
| LOK | |0 040 |a DE-21 |c DE-627 |d DE-21 | ||
| LOK | |0 092 |o k |p n |p p | ||
| LOK | |0 093 |e Volltext online u. Druckausg. |f Nationallizenz |g Kostenpflichtig | ||
| LOK | |0 852 |a DE-21 | ||
| LOK | |0 852 1 |9 00 | ||
| LOK | |0 85640 |u https://ezb.ur.de/detail.phtml?bibid=UBTUE&jour_id=8077 |x EZB | ||
| LOK | |0 85900 |8 1.1 |a 1 |i 1979 | ||
| LOK | |0 85910 |8 1.2 |a 24 |i 2002 | ||
| LOK | |0 866 |x Nationallizenz | ||
| LOK | |0 86630 |a 1.1979 - 24.2002 | ||
| LOK | |0 912 |a natli_springer | ||
| LOK | |0 935 |a cofz |a zezb | ||
| LOK | |0 938 |l Volltext online u. Druckausg. |8 0 | ||
| LOK | |0 938 |l Nationallizenz |8 1 | ||
| LOK | |0 938 |l Kostenpflichtig |8 2 | ||
| LOK | |0 939 |a 30-10-18 |b zez | ||
| LOK | |0 000 xxxxxcy a22 3n 4500 | ||
| LOK | |0 001 2805998693 | ||
| LOK | |0 003 DE-627 | ||
| LOK | |0 004 320588769 | ||
| LOK | |0 005 20240412164509 | ||
| LOK | |0 007 ccruuuuuuuuuuuu | ||
| LOK | |0 008 140705||||||||||||||||ger||||||| | ||
| LOK | |0 035 |a (DE-600)294072373 | ||
| LOK | |0 040 |a DE-21 |c DE-627 |d DE-21 | ||
| LOK | |0 092 |o k |p p | ||
| LOK | |0 093 |e Volltext online u. Druckausg. |f Konsortiallizenz |g Kostenpflichtig | ||
| LOK | |0 852 |a DE-21 | ||
| LOK | |0 852 1 |9 00 | ||
| LOK | |0 85640 |u https://ezb.ur.de/detail.phtml?bibid=UBTUE&jour_id=8077 |x EZB | ||
| LOK | |0 85900 |8 1.1 |a 19 |i 1997 | ||
| LOK | |0 85910 |8 1.2 |a 36 |i 2014 | ||
| LOK | |0 866 |x Konsortium BaWü | ||
| LOK | |0 86630 |a 19.1997 - 36.2014 | ||
| LOK | |0 935 |a cofz |a zezb | ||
| LOK | |0 938 |l Volltext online u. Druckausg. |8 0 | ||
| LOK | |0 938 |l Konsortiallizenz |8 1 | ||
| LOK | |0 938 |l Kostenpflichtig |8 2 | ||
| LOK | |0 939 |a 30-10-18 |b zez | ||
| LOK | |0 000 xxxxxcy a22 3n 4500 | ||
| LOK | |0 001 2806106923 | ||
| LOK | |0 003 DE-627 | ||
| LOK | |0 004 320588769 | ||
| LOK | |0 005 20240718230211 | ||
| LOK | |0 007 ccruuuuuuuuuuuu | ||
| LOK | |0 008 140705||||||||||||||||ger||||||| | ||
| LOK | |0 035 |a (DE-600)294179151 | ||
| LOK | |0 040 |a DE-21 |c DE-627 |d DE-21 | ||
| LOK | |0 092 |o n | ||
| LOK | |0 093 |e lokale Zeitschrift |f Einzellizenz |g Kostenpflichtig | ||
| LOK | |0 852 |z Keine Fernleihe | ||
| LOK | |0 852 |a DE-21 | ||
| LOK | |0 852 1 |9 00 | ||
| LOK | |0 85640 |u https://ezb.ur.de/detail.phtml?bibid=UBTUE&jour_id=41766 |x EZB | ||
| LOK | |0 85901 |8 1.1 |i 1997 | ||
| LOK | |0 859 |y -012M | ||
| LOK | |0 866 |x Academic Search Premier: 1997-03-01 - | ||
| LOK | |0 86630 |a 1997 - | ||
| LOK | |0 866 0 |z Die letzten 12 Monate sind nicht zugänglich | ||
| LOK | |0 935 |a cofz |a zezb | ||
| LOK | |0 938 |l lokale Zeitschrift |8 0 | ||
| LOK | |0 938 |l Einzellizenz |8 1 | ||
| LOK | |0 938 |l Kostenpflichtig |8 2 | ||
| LOK | |0 939 |a 30-10-18 |b zez | ||
| LOK | |0 000 xxxxxcy a22 3n 4500 | ||
| LOK | |0 001 2829034775 | ||
| LOK | |0 003 DE-627 | ||
| LOK | |0 004 320588769 | ||
| LOK | |0 005 20240413084545 | ||
| LOK | |0 007 ccruuuuuuuuuuuu | ||
| LOK | |0 008 141219||||||||||||||||ger||||||| | ||
| LOK | |0 035 |a (DE-600)308408314 | ||
| LOK | |0 040 |a DE-21 |c DE-627 |d DE-21 | ||
| LOK | |0 092 |o k |p p | ||
| LOK | |0 093 |e Volltext online u. Druckausg. |f Konsortiallizenz |g Kostenpflichtig | ||
| LOK | |0 852 |a DE-21 | ||
| LOK | |0 852 1 |9 00 | ||
| LOK | |0 85640 |u https://ezb.ur.de/detail.phtml?bibid=UBTUE&jour_id=8077 |x EZB | ||
| LOK | |0 85900 |8 1.1 |a 25 |i 2003 | ||
| LOK | |0 85910 |8 1.2 |a 41 |i 2019 | ||
| LOK | |0 866 |x Springer Landeslizenz BaWü | ||
| LOK | |0 86630 |a 25.2003 - 41.2019 | ||
| LOK | |0 935 |a cofz |a zezb | ||
| LOK | |0 938 |l Volltext online u. Druckausg. |8 0 | ||
| LOK | |0 938 |l Konsortiallizenz |8 1 | ||
| LOK | |0 938 |l Kostenpflichtig |8 2 | ||
| LOK | |0 939 |a 30-10-18 |b zez | ||
| LOK | |0 000 xxxxxcy a22 3n 4500 | ||
| LOK | |0 001 3424816582 | ||
| LOK | |0 003 DE-627 | ||
| LOK | |0 004 320588769 | ||
| LOK | |0 005 20240412143324 | ||
| LOK | |0 007 ccruuuuuuuuuuuu | ||
| LOK | |0 008 190420||||||||||||||||ger||||||| | ||
| LOK | |0 035 |a (DE-600)617268142 | ||
| LOK | |0 040 |a DE-21 |c DE-627 |d DE-21 | ||
| LOK | |0 092 |o n | ||
| LOK | |0 093 |e Volltext online u. Druckausg. |f Konsortiallizenz |g Kostenpflichtig | ||
| LOK | |0 852 |a DE-21 | ||
| LOK | |0 852 1 |9 00 | ||
| LOK | |0 85640 |u https://ezb.ur.de/detail.phtml?bibid=UBTUE&jour_id=8077 |x EZB | ||
| LOK | |0 85901 |8 1.1 |a 19 |i 1997 | ||
| LOK | |0 866 |x Übergangsvereinbarung DEAL | ||
| LOK | |0 86630 |a 19.1997,1 - | ||
| LOK | |0 935 |a cofz |a zezb | ||
| LOK | |0 938 |l Volltext online u. Druckausg. |8 0 | ||
| LOK | |0 938 |l Konsortiallizenz |8 1 | ||
| LOK | |0 938 |l Kostenpflichtig |8 2 | ||
| LOK | |0 939 |a 22-02-19 |b zez | ||
| LOK | |0 000 xxxxxcy a22 3n 4500 | ||
| LOK | |0 001 367023599X | ||
| LOK | |0 003 DE-627 | ||
| LOK | |0 004 320588769 | ||
| LOK | |0 005 20240508174301 | ||
| LOK | |0 007 ccruuuuuuuuuuuu | ||
| LOK | |0 008 200523||||||||||||||||ger||||||| | ||
| LOK | |0 035 |a (DE-600)678140278 | ||
| LOK | |0 040 |a DE-21 |c DE-627 |d DE-21 | ||
| LOK | |0 092 |o k | ||
| LOK | |0 093 |e Volltext online u. Druckausg. |f Konsortiallizenz |g Kostenpflichtig | ||
| LOK | |0 852 |z Keine Lieferung an Document Delivery Systems | ||
| LOK | |0 852 |a DE-21 | ||
| LOK | |0 852 1 |9 00 | ||
| LOK | |0 85640 |u https://ezb.ur.de/detail.phtml?bibid=UBTUE&jour_id=8077 |x EZB | ||
| LOK | |0 85901 |8 1.1 |a 42 |i 2020 | ||
| LOK | |0 866 |x SpringerNature DEAL | ||
| LOK | |0 86630 |a 42.2020,1 - | ||
| LOK | |0 935 |a cofz |a zezb | ||
| LOK | |0 938 |l Volltext online u. Druckausg. |8 0 | ||
| LOK | |0 938 |l Konsortiallizenz |8 1 | ||
| LOK | |0 938 |l Kostenpflichtig |8 2 | ||
| LOK | |0 939 |a 07-05-20 |b zez | ||
| LOK | |0 000 xxxxxcy a22 3n 4500 | ||
| LOK | |0 001 4467333142 | ||
| LOK | |0 003 DE-627 | ||
| LOK | |0 004 320588769 | ||
| LOK | |0 005 20240714154336 | ||
| LOK | |0 007 ccruuuuuuuuuuuu | ||
| LOK | |0 008 240124||||||||||||||||ger||||||| | ||
| LOK | |0 035 |a (DE-600)1054268460 | ||
| LOK | |0 040 |a DE-21 |c DE-627 |d DE-21 | ||
| LOK | |0 092 |o k | ||
| LOK | |0 093 |e retrodigitalisiert |f Konsortiallizenz |g Kostenpflichtig | ||
| LOK | |0 852 |a DE-21 | ||
| LOK | |0 852 1 |9 00 | ||
| LOK | |0 85640 |u https://ezb.ur.de/detail.phtml?bibid=UBTUE&jour_id=31518 |x EZB | ||
| LOK | |0 85901 |8 1.1 |a 1 |i 1979 | ||
| LOK | |0 859 |y -004Y | ||
| LOK | |0 86630 |a 1.1979,1 - | ||
| LOK | |0 866 0 |z Die letzten 4 Jahrgänge sind nicht zugänglich | ||
| LOK | |0 912 |a jstor_complete | ||
| LOK | |0 935 |a cofz |a zezb | ||
| LOK | |0 938 |l retrodigitalisiert |8 0 | ||
| LOK | |0 938 |l Konsortiallizenz |8 1 | ||
| LOK | |0 938 |l Kostenpflichtig |8 2 | ||
| LOK | |0 939 |a 13-01-24 |b zez | ||
| ORI | |a SA-MARC-krimdokb001.raw | ||
| SPR | |a 1 |t KRI | ||
